|
|
|
|
| LEADER |
00000nam a2200000 i 4500 |
| 001 |
1/66191 |
| 008 |
931019s eng d |
| 020 |
|
|
|a 0-8493-4376-3
|
| 035 |
|
|
|a ΛΕΣΒΟΣb10001684
|l 10001684
|
| 040 |
|
|
|a GR-MY-UA
|b gre
|e aacr
|
| 041 |
0 |
|
|a eng
|
| 082 |
0 |
|
|a 574.5222
|
| 245 |
1 |
0 |
|a Environmental chemistry of herbicides
|
| 260 |
|
|
|a Boca Raton :
|b CRC ,
|c 1988
|
| 300 |
|
|
|a 207 p.;
|c 26 cm.
|
| 504 |
|
|
|a Includes bibliographical references and index
|
| 650 |
0 |
0 |
|a Herbicides.
|
| 650 |
0 |
0 |
|a Herbicides
|x Environmental aspects.
|
| 650 |
0 |
0 |
|a Soils
|x Herbicide content.
|
| 650 |
0 |
0 |
|a Environmental chemistry.
|
| 700 |
1 |
|
|a Grover, Raj.
|4 edt
|
| 852 |
|
|
|a INST
|b LESVOS
|e 19931019
|h 574.5222 ENV
|p 005100005777
|q 005100005777
|t BK
|y 0
|
| 909 |
|
|
|a Λ
|b 025802
|